00365nam a22001337a 4500003000400000020001800004082001900022100002300041245005300064250001300117260005300130300000800183650004000191SGT a9788181915665 a617.6342bT24M aMeshram, Priyatama aTextbook of Conservative & Restorative Dentistry a1st Ed.  aNew Delhi, IndiabParas Medical Publishersc2024 a508 aConservative Dentistry; Endodontics